| 000 | 01338nam a2200301 i 4500 | ||
|---|---|---|---|
| 003 | EG-GICUC | ||
| 005 | 20260402131043.0 | ||
| 008 | 260402s1999 ua ||||fr|||| 00| 0 ara d | ||
| 040 |
_a EG-GICUC _bara _c EG-GICUC _d EG-GICUC _erda |
||
| 041 | 1 | _aara | |
| 082 | 0 | 4 |
_221 _a341.44 _bع ا . م |
| 092 | 0 | 4 | _221 |
| 099 | _aLaw1 11 341.44 ع ا . م 1999 | ||
| 100 | 0 |
_aعادل عبد الله المسدى _eمؤلف. |
|
| 245 |
_aالمسئولية الدولية عن الأضرار الناجمة عن تلوث المجارى المائية الدولية / _cدكتور عادل عبد الله المسدى. |
||
| 264 | 1 |
_aالقاهرة : _bمجلة البحوث القانونية والاقتصادية، _c1999. |
|
| 300 |
_a201 - 288 صفحة، _c24 سم. |
||
| 336 |
_2rda content _atext |
||
| 337 |
_2rda media _aComputer |
||
| 338 |
_2rda carrier _aOnline Resource |
||
| 500 | _a مستلة مستخرجة من مجلة البحوث القانونية والاقتصادية السنة الرابعة عشرة عدد يونيو ٢٠٠٠ | ||
| 504 | _a. 288-285ببليوجرافيا: صفحات. | ||
| 546 | _aالنص باللغة العربية | ||
| 650 | 1 | 4 | _aالقانون الدولي العام |
| 856 | 4 | 0 | _uhttps://fll.law.cu.edu.eg/fulltext/bks/B11-08160.pdf |
| 905 | _a48 | ||
| 942 |
_2ddc _cBK _e21 _n0 |
||
| 999 |
_c68431 _d68431 |
||